| 000 | 00403nam a2200157 a 4500 | ||
|---|---|---|---|
| 001 | 33 | ||
| 003 | CDMR | ||
| 005 | 20130116135149.0 | ||
| 008 | 130130s2009||||||||||||||||||||||||||||d | ||
| 040 |
_aCDMR _bcat _cCPC GIRONA |
||
| 100 | 1 |
_aTermes, Josep _936 |
|
| 245 | 1 | 0 |
_a(nou) Resum d'història del catalanisme _cTermes, Josep |
| 260 |
_c2009 _bEditorial Base |
||
| 490 | 0 |
_aBase històrica _v59 _937 |
|
| 942 | _cMON | ||
| 999 |
_c33 _d33 |
||